Conferencia del Presidente del Programma Master del I.E.S.E.
Publicado:
San Jorge, núm. 82 (2n trimestre 1971), pàg 58 - 59 :
MARC
| LEADER | 00000nam a2200000Ia 4500 | ||
|---|---|---|---|
| 001 | |||
| 008 | 160829s9999 xx 000 0 cat d | ||
| 245 | |a Conferencia del Presidente del Programma Master del I.E.S.E. | ||
| 260 | |a San Jorge, núm. 82 (2n trimestre 1971), pàg 58 - 59 | ||
| 610 | 1 | 0 | |a Universidad de Navarra. |b Instituto de Estudios Superiores de la Empresa |9 53787 |
| 650 | |a Muller i d'Abadal, Josep M. | ||
| 901 | |a Arxiu | ||
| 942 | |n 1 | ||
| 952 | |0 0 |1 0 |4 0 |7 1 |9 50486 |a Arxiu |b Arxiu |d 2016-12-01 |l 0 |r 2016-12-01 00:00:00 |w 2016-12-01 |y ARXIU | ||
| 999 | |c 54328 |d 54328 | ||